000 01123nam a2200301 a 4500
001 sjds170072
003 SJDS
005 20240317212324.0
008 040508s1994 sp a j 000 1 spa d
020 _a9788416126491 (pbk.)
020 _a9788488342157 (pbk.)
020 _a9788488342152 (pbk.)
040 _aPWmBRO
_cSJDS
041 1 _aspa
_heng
100 1 _aMcBratney, Sam.
240 1 0 _aGuess how much I love you.
_lSpanish.
245 1 0 _aAdivina cuanto te quiero /
_cescrito por Sam McBratney ; ilustrado por Anita Jeram ; [traduccion, Esther Rubio-Teresa Mlawer]
260 _aBarcelona :
_bKókinos,
_cc1994, 2016
300 _a1 v. (unpaged) :
_bcol. ill. ;
_c25 cm.
520 _aDuring a bedtime game, every time Little Nutbrown Hare (Caramelo) demonstrates how much he loves his father, Big Nutbrown Hare (Papa Liebre) gently shows him that the love is returned even more.
650 1 _aHares
_vFiction.
650 1 _aFathers and sons
_vFiction.
650 1 _aBedtime
_vFiction.
650 1 _aSpanish language materials.
650 1 _aLove stories.
700 1 _aJeram, Anita,
_eill.
942 _cBK
999 _c16147
_d16147